MDQL
is popping MORE tags! Check the
thread
!
Quizzes
Events
Quiz Creation
Community
Videos
Private Events
Remove Ads
Sign In
Join for FREE
Feedback
Dark Mode
Quiz Categories
Sports
Geography
Music
Movies
Television
Just For Fun
Miscellaneous
History
Literature
Language
Science
Gaming
Entertainment
Religion
Holiday
For Kids
Quiz Lab
Recent
Popular Today
Quiz Kudos Today
Editor Picks
Curator Picks
Quizzes by...
Day
Popularity
Type
Ratings
Length
Year
Community
Subscriptions
Recent Discussions
Orange Saloon
Badges
Playlists
Quests
Create
Leaderboards
Showdown
Live 5
Trivia Bingo
Activity
Puzzle Library
Sporcle Events
Private Events
Virtual Trivia
Globe League
Become a Host
Pub Owners
SporcleCon
Opinionation
Our Games
Videos
Blog
Mobile Apps
Partnerships
Remove Ads and Go Orange
Feedback
Television
TV Characters
TV Show
Sitcom
Network
Friends
Reality Shows
Cast
South Park
Star Trek
The Simpsons
Doctor Who
Television
TV Characters
TV Show
Sitcom
Network
Friends
Reality Shows
Cast
South Park
Star Trek
The Simpsons
Doctor Who
Random Quiz
Search Sporcle
×
Quiz Lab
Quiz Lab
Television
HIMYM
Type in answers that appear in a list
Type in answers that appear in a list
Classic
Best Score? Go Orange.
The Night We... (How I Met Your Mother) Stats
Can you name the 'The Night We' events from HIMYM episode Now We're Even?
By
velcrofly
16m
9 Questions
67 Plays
67 Plays
67 Plays
Comments
Comments
Give Quiz Kudos
Give Quiz Kudos
-
- Ratings
hide this ad
Replay
Link that replays current quiz
Next Quiz
Link to next quiz in quiz playlist
You Got
0%
They Got
Avg Score
31%
Avg Friend Score
Upgrade to see
Score Distribution
Jump to the score distribution portion of the page
Score
0/9
Timer
16:00
0
Plays Today
% Correct
brought a horse into the bar
77.6%
started a mariachi band
65.7%
ate everything on the menu
35.8%
bungee jumped off the statue of liberty
35.8%
stole a camel
16.4%
tracked down phil collins, became best friends with him, and talked him into reuniting with peter gabriel, and then we got to sing back-up on the new genesis album and it was awesome
11.9%
you got locked out in your pajamas and robin landed a freakin' helicopter and there's still time to reunite genesis
11.9%
stole a mummy from the natural history museum
10.4%
partied with the mole people
9%
Quiz Playlist
Details
Report
Send in Message
Add To Playlist
Classic:
Type in answers that appear in a list
Last Updated: May 4, 2017
Quiz Scoreboard
CHALLENGE
Sign Up to Join the Scoreboard
Show All
Scores
Hide
Comments
May contain spoilers
Recently Published
Holiday 10x10 Sorting Gallery
by lukepisani3
Holiday
15m
Two Season TV Shows II
by 123Four
Television
10m
Image Sorting: Flags VI
by Barbecue
Geography
2m
More to Explore
Quiz From the Vault
Featured Blog Post
14 Easter Pick-up Lines to Find Eggs With
hide this ad
You Might Also Like...
Tags
episode
Event
HIMYM
night
Today's Top Quizzes in Television
Browse Television
hide this ad
Today's Top Quizzes in HIMYM
Browse HIMYM
Top Contributed Quizzes in Television
1
Survivor Journey Challenge
2
Even More Two Season TV Shows
3
Adjectives in 00s TV Shows
4
Even More Three Season TV Shows
5
Survivor Logic Puzzle: Heroes vs. Villains
6
Adjectives in 10s TV Shows
7
One Season TV Shows
8
One Piece Logic Puzzle
9
Brooklyn Nine Nine Logic Puzzle (How-To-Play)
10
Click the SpongeBob Episodes (Season 3)
Explore More
Trending Topics
Kpop
Crossword
Harry Potter
Anime
Disney
NBA
Marvel
NFL
Puzzle
WWE
The Office
Song
Pokémon
Country
Soccer
hide this ad
More By:
velcrofly
Quiz
Plays
Rating
Category
Featured
Created
The Night We... (How I Met Your Mother)
67
1.67
Television
Jul 12, 2012
2010 UK Parties
37
4.50
Just For Fun
May 9, 2014
Heroes Sylar Victims Seasons 1-2
17
Television
Jun 26, 2012
Go to Creator's Profile
Score Distribution
Quiz Creator Spotlight
velcrofly
Follow
Send a Message
Quizzes Created
-
Created Quiz Play Count
-
More By This Creator
Popular Quizzes Today
1
Find the US States - No Outlines Minefield
2
Colored Red Africa Blitz
3
Find the 'City' Movie
4
The Countries of the World
5
Find the US States
6
5x2 Blitz: Bands
7
Find the Countries of Europe - No Outlines Minefield
8
US States
More Television Quizzes
TV Shows by Letter S
Quiz Lab
Trending Quizzes
Colored Red Europe Blitz I
Colored Red Europe Blitz II
Colored Red Africa Blitz II
Colored Red Europe Blitz III
Colored Red Africa Blitz III
Recently Updated
Odd Team Out - Big 4 Players
pecheneg
Quick Pick: 20 Twenties
pecheneg
March Madness Men's Triple Doubles
pecheneg
How Do You Spell That?
pecheneg
Godzilla Movies
pecheneg
Grab Bag: 4-10 Letters
pecheneg
2024 March Madness Bracket
pecheneg
Famous TV Couples
Peacemaker
Champions League XIs: Real Madrid
pecheneg
Largest US Cities 1790-2010
pecheneg
Trending Topics
Marvel
Harry Potter
Disney
Crossword
Kpop
NBA
Anime
The Office
WWE
NFL
Puzzle
Soccer
Pokémon
Song
Country
Your Account Isn't Verified!
In order to create a playlist on Sporcle, you need to verify the email address you used during registration. Go to your
Sporcle Settings
to finish the process.
Report this User
Report this user for behavior that violates our
Community Guidelines
.
Details:
Send Report
Go to the Sporcle.com Mobile Site →
Comments